Manual del método Billings

Saved in:
Bibliographic Details
Main Author: Zubizarreta, Eduardo (Author)
Format: Book
Language:Spanish
Published: Santiago Paulinas 1985
Subjects:
Tags: Add Tag
No Tags, Be the first to tag this record!

MARC

LEADER 00000nam a2200000 a 4500
001 UCW5512
003 CL-VaPUC
008 910513e19850000CL |||||||||||||||||spa|d
082 0 4 |a 613.9434  |b ZUB  |2 21 
100 0 |a Zubizarreta, Eduardo  |e author  |9 310506 
245 1 0 |a Manual del método Billings 
300 |a 39 p 
942 |c BK 
945 |d 19910513 00:00:00 
260 |a Santiago  |b Paulinas  |c 1985 
650 7 |a METODO DE BILLINGS  |2 CL-VaPUC  |9 309894 
650 7 |a CONTROL DE LA NATALIDAD  |2 CL-VaPUC  |9 308234 
650 7 |a METODOS NATURALES  |2 CL-VaPUC  |9 309892 
650 7 |a PLANIFICACION FAMILIAR  |2 CL-VaPUC  |9 309893 
583 |a last modification  |c 20170609 10:03:19  |k Rodrigo Vera 
999 |c 218924  |d 218922 
952 |0 0  |1 0  |4 0  |6 613_943400000000000_ZUB_1985  |7 0  |8 P  |9 209263  |a BIBEDU  |b BIBEDU  |c BIBEDU_PB  |d 2019-11-15  |i 2770792  |o 613.9434 ZUB 1985  |p 2770792  |r 2024-01-25  |w 2019-11-15  |y BK  |k EDU 
952 |0 0  |1 0  |4 0  |6 613_943400000000000_ZUB_1985  |7 0  |8 P  |9 209264  |a BIBEDU  |b BIBEDU  |c BIBEDU_PB  |d 2019-11-15  |i 2770806  |o 613.9434 ZUB 1985  |p 2770806  |r 2024-01-25  |w 2019-11-15  |y BK  |k EDU